Wrocławski zamek Piastów na Ostrowie

Titel: Wrocławski zamek Piastów na Ostrowie
Verfasser:
In: Śla̜ski labirynt krajoznawczy, Band 3 (1991), Seite 67-87
alle Artikel anzeigen
Veröffentlicht: 1991
Format: Aufsatz
Sprache: Polnisch
Kein Bild verfügbar
X
alg: 39464061
001A    $01999:12-11-16 
001B    $01999:01-06-17 $t17:57:50.000 
001D    $01999:12-11-16 
001U    $0utf8 
001X    $00 
002@    $0Aox 
003@    $0394640616 
007A    $0394640616 $aHEB 
007T    $0Herdww016108 
010@    $apol 
011@    $a1991 
021A    $aWrocławski zamek Piastów na Ostrowie 
028A    $aMałachowicz $dEdmund 
031A    $d3 $h67-87 $j1991 
039B    $aIn $8--Abvc--. Śla̜ski labirynt krajoznawczy. - Wrocław : Sudety, 1989-. - ISSN 0867-0013 $x199100000030000933 $9048583480 

lok: 39464061 78

exp: 39464061 78 1 #EPN
201B/01 $020-11-17 $t23:23:34.000 
201U/01 $0utf8 
203@/01 $0790751089 
208@/01 $a12-11-16 $be 
209A/01 $a/ $f000 $x00 
220C/01 $aTitelaufnehmer: GP 
220C/01 $aHerkunft: IH UWr 
244Z/01 $2Trx $#Silesia $#Śląsk $#Sliezsko $#Slezsko $8--Trx--Schlesien $x01 $9391173987 
244Z/01 $#Breslau $#Wrocław $#Wrotizla $#Breßlau $#Breßlaw $#Vroclav $#Vratislav $#Vratislavia $#Vratislauiae $#Bresslau $#Wratislavia $#Brassel $#Bresla $#Wratislava $#Smirna $#Breslavia $#Wroclaw $74008216-7 $8--Tg1--Breslau $x02 $9085014184 
244Z/01 $aGeschichte 1200-1400 $x03 
244Z/01 $2Trx $#lossid ja paleed $#pilys ir rūmai $#Castles and palaces $#kastélyok és paloták $#zamki i pałace $#zámky a paláce $#zámky a paláce $#Paläste $#Architektur Schlösser $#pałace $#paláce $#paláce $8--Trx--Schlösser und Paläste $x04 $9391360531 
244Z/01 $2Trx $#kaitserajatised $#įtvirtinimai $#fortifications $#erődítmények $#fortyfikacje $#opevnenia $#opevnění $8--Trx--Befestigungen $x05 $9391383515 
244Z/01 $2Trx $8--Trx--Zeitschriftenaufsatz $x06 $9391384341 
247C/01 $82080>Marburg/Lahn, Herder-Institut, Forschungsbibliothek, Bibliographieportal $9336309341
LEADER 00000caa a22000002c 4500
001 394640616
003 DE-603
005 20170601175750.0
007 tu
008 161112s1991 xx |||| | u00||u|pol c
035 |a (DE-599)HEB394640616 
040 |a DE-603  |b ger  |c DE-603  |d DE-603 
041 |a pol 
100 1 |a Małachowicz, Edmund 
245 0 0 |a Wrocławski zamek Piastów na Ostrowie 
264 0 |c 1991 
773 0 8 |i In  |t Śla̜ski labirynt krajoznawczy  |d Wrocław : Sudety, 1989-  |x 0867-0013  |g Band 3 (1991), Seite 67-87  |w (DE-603)048583480  |w (DE-600)1077945-0 
924 0 |9 2080  |a (DE-603)790751089  |b DE-2080  |c HES  |d d  |g /